000 00572nam 22001933 4500
001 199097
021 _aPT
_b11493/86
090 _a199097
100 _a20251118d u||y0pory50 ba
200 _aA pobreza em Portugal
_fA. Bruto da Costa... [et al.]
210 _a[S.l.]
_cServiços da Cáritas Portuguesas
_d1985
215 _a207 p.
_cbrochado
_d21 cm
225 _aCáritas
_h6
606 _935
_aSociologia. Demografia.Estatística
675 _a31
_vPT
_zpor
700 _914999
_aCosta
_bAlfredo Bruto da
_f1938-2016
801 _aPT
_bBMMN
_gRPC
830 _cVanda
990 _cLIVROS